00356nam a2200133Ia 4500008004100000020001500041041001200056082001600068100001500084245007400099260002500173300000800198650001600206221030s9999 xx 000 0 und d a0074636391 aEnglish a105.23bHal aD. V. Hall 0aMicroprocessors & Interfacing - Programming & Hardwarecby D. V. Hall bTMHaNew Delhic2000 a624 aBE Computer